00492nam a22001937a 450000500170000001000110001702000100002803500110003803700160004904000120006508200110007710000200008824500500010826000350015827000360019330000260022965000230025565000200027820170124110128.0 a542595 c00.00 a542595 bCen Lib/Ret aDPLbEN aNbANA aAnand, Mulk Raj aMorning face :c by Mulk Raj Anandba novel / aBombaybKutub Popularks c1968 a414, Veer Savarkar MargbBombay aviii,570p. c20cm(Hb) aLiterature fiction aEnglish Fiction